Wednesday character quiz - Statistics

General Stats
  • This quiz has been taken 1,582 times
    1,184 since last reset
  • The average score is 10 of 21
Answer Stats
Hint Answer % Correct
the BEST main character to ever exist on Netflix Wednesday
99%
literal human sunshine Enid
90%
MC's (musty crusty) love interest Tyler
74%
sassy siren Bianca
72%
the less musty crusty love interest Xavier
71%
MC's mother Morticia
65%
MC's father Gomez
63%
Above's slightly clueless but still sweet boyfriend Ajax
62%
MC's brother Pugsley
59%
Snazzy Hand Helper Thing
52%
was the show good yes
46%
head teacher Principal Weems
44%
Bald uncle with questionable style and morals Uncle Fester
41%
Slayful normie teacher Ms Thornhill
37%
the musty sheriff Sheriff Galpin
27%
Creepy ancestor with the book Goody Addams
26%
therapist that is theraPISSED Dr Kinbott
22%
manky son of mayor Lucas
22%
The actually crusty evil guy with a magic-y sceptre thingy Joseph Crackstone
20%
mayor Mayor Walker
18%
Beekeeper in love with Enid Eugene (Idk his surname)
1%
No matching quizzes found
Score Distribution
Percent of People with Each Score
Percentile by Number Answered
Your Score History
You have not taken this quiz since the last reset